| 000 | 00790nam a2200205 4500 | ||
|---|---|---|---|
| 001 | 122525 | ||
| 003 | ES-MaACL | ||
| 005 | 20230906192007.0 | ||
| 007 | t| | ||
| 008 | 070214s1982 sp r ||||1| spa d | ||
| 100 | 1 |
_aPuertas Tricas, Rafael. _994187 |
|
| 245 | 1 | 0 |
_aExcavaciones arqueológicas en Lacipo _b: (Casares, Málaga) : campañas de 1975 y 1976 / _cRafael Puertas Tricas. |
| 260 |
_aMadrid : _bDirección General de Bellas Artes y Archivos, _c1982. |
||
| 300 |
_a310 p., 52 lám. : _bil. ; _c29 cm. |
||
| 490 | 1 |
_aExcavaciones arqueológicas en España ; _v125 |
|
| 710 | 1 |
_aEspaña. _bDirección General de Bellas Artes y Archivos. _93708 |
|
| 830 | 0 |
_aExcavaciones arqueológicas en España ; _v125 _9177264 |
|
| 852 |
_aES-MaACL _jL-4926 _bR.105522 |
||
| 999 |
_c122525 _d122525 |
||